[Event "Banff op U1800"]
[Site "Banff CAN"]
[Date "2021.11.14"]
[Round "5.40"]
[White "Nguyen, Justin"]
[Black "Zhang, James"]
[Result "0-1"]
[WhiteElo "992"]
[BlackElo "1400"]
[PlyCount "146"]
[EventDate "2021.11.12"]
[EventType "swiss"]
[EventRounds "6"]
[EventCountry "CAN"]

1. e4 c5 2. Nf3 d6 3. Nc3 g6 4. Bb5+ Bd7 5. Bxd7+ Qxd7 6. d3 Bg7 7. O-O e6 8.
Re1 Ne7 9. e5 d5 10. d4 cxd4 11. Nxd4 O-O 12. f4 Nbc6 13. Be3 Nxd4 14. Bxd4 Nf5
15. g4 Ne7 16. Re3 Nc6 17. Ne2 Qd8 18. Rh3 a6 19. c3 Nxd4 20. cxd4 f6 21. f5
exf5 22. gxf5 fxe5 23. fxg6 hxg6 24. Kh1 e4 25. Qb3 Qd7 26. Rg1 Rf6 27. Rhg3
Qf7 28. Nc3 Rd8 29. Na4 Rf3 30. Rxf3 Qxf3+ 31. Qxf3 exf3 32. Rxg6 f2 33. Kg2
Rf8 34. Kf1 Kh7 35. Rg2 Bxd4 36. b3 Rc8 37. Rxf2 Bxf2 38. Kxf2 Rc2+ 39. Kg3
Rxa2 40. Nc5 Rb2 41. h4 a5 42. Kg4 b6 43. Nd7 Rxb3 44. Nf6+ Kg6 45. Nxd5 a4 46.
Nf4+ Kh6 47. Ne2 a3 48. Nc1 Rb4+ 49. Kh3 Ra4 50. Na2 b5 51. Nc3 Ra5 52. Na2 b4
53. Nxb4 a2 54. Nxa2 Rxa2 55. Kg3 Kh5 56. Kh3 Ra3+ 57. Kg2 Kxh4 58. Kf2 Kg4 59.
Ke2 Kf4 60. Kd2 Ke4 61. Kc2 Kd4 62. Kb2 Rh3 63. Kc2 Rg3 64. Kb2 Kc4 65. Ka2 Kb4
66. Kb2 Rg2+ 67. Kc1 Kc3 68. Kd1 Ra2 69. Ke1 Kd3 70. Kf1 Ke3 71. Kg1 Kf3 72.
Kh1 Kg3 73. Kg1 Ra1# 0-1

[Event "Banff op U1800"]
[Site "Banff CAN"]
[Date "2021.11.14"]
[Round "5.41"]
[White "Atwood, Matthew"]
[Black "Mantla, Harrison"]
[Result "0-1"]
[WhiteElo "1175"]
[BlackElo "1387"]
[PlyCount "22"]
[EventDate "2021.11.12"]
[EventType "swiss"]
[EventRounds "6"]
[EventCountry "CAN"]

1. c4 e5 2. Nc3 Nf6 3. Nf3 Nc6 4. g3 Bc5 5. e3 d5 6. cxd5 Nxd5 7. Bg2 Nxc3 8.
bxc3 Bg4 9. Qc2 Qd5 10. Nh4 Qc4 11. Rb1 Qe2# 0-1

[Event "Banff op U1800"]
[Site "Banff CAN"]
[Date "2021.11.14"]
[Round "5.44"]
[White "Viminitz, Paul"]
[Black "Cowan, Brennan"]
[Result "1-0"]
[WhiteElo "1454"]
[BlackElo "1178"]
[PlyCount "91"]
[EventDate "2021.11.12"]
[EventType "swiss"]
[EventRounds "6"]
[EventCountry "CAN"]

1. Nf3 Nf6 2. g3 d5 3. Bg2 Bf5 4. b3 e6 5. Bb2 Bc5 6. d4 Bd6 7. Nbd2 Nc6 8. Nh4
Bg6 9. Nxg6 hxg6 10. c4 dxc4 11. Bxc6+ bxc6 12. Nxc4 Bb4+ 13. Nd2 Qd5 14. O-O
Bxd2 15. Qxd2 O-O-O 16. f3 Qh5 17. e3 Rd5 18. Qg2 Qh6 19. Rae1 Rh5 20. Re2 Nd5
21. Bc1 Nc3 22. Rc2 Nd5 23. f4 Nf6 24. h4 Nd5 25. e4 Ne7 26. f5 Qh7 27. fxe6 f6
28. Ba3 g5 29. Bxe7 gxh4 30. Rf5 h3 31. Qh2 Rxf5 32. exf5 Qxf5 33. Rf2 Qxe6 34.
Re2 Qf5 35. Rf2 Qe4 36. Bc5 Qe3 37. Bxa7 g5 38. Bc5 g4 39. b4 Qg5 40. a4 Re8
41. Rf4 Qd5 42. Rxf6 Re1+ 43. Rf1 Qe4 44. Qf2 Qe3 45. Rxe1 h2+ 46. Kg2 1-0

[Event "Banff op U1800"]
[Site "Banff CAN"]
[Date "2021.11.14"]
[Round "5.45"]
[White "Gavrileva, Anna"]
[Black "Ovechkin, Ilya"]
[Result "1-0"]
[WhiteElo "1203"]
[BlackElo "1083"]
[PlyCount "77"]
[EventDate "2021.11.12"]
[EventType "swiss"]
[EventRounds "6"]
[EventCountry "CAN"]

1. d4 d5 2. Bf4 Bf5 3. c4 c6 4. Nc3 Nf6 5. Qb3 Qb6 6. c5 Qxb3 7. axb3 Nbd7 8.
Nf3 Ne4 9. Nh4 Nxc3 10. Nxf5 Nb5 11. e3 g6 12. Ng3 a6 13. Bxb5 cxb5 14. b4 Bg7
15. Ne2 e5 16. Bg3 exd4 17. exd4 O-O 18. O-O Rfe8 19. Nf4 Bxd4 20. Nxd5 Be5 21.
Nc7 Bxc7 22. Bxc7 Nf6 23. Rfd1 Re4 24. Ba5 Re6 25. Rd6 Rae8 26. f3 Re1+ 27.
Rxe1 Rxe1+ 28. Kf2 Re6 29. g4 Rxd6 30. cxd6 Nd7 31. Ke3 b6 32. Kd4 bxa5 33.
bxa5 f6 34. f4 h6 35. Kd5 Kf7 36. Kc6 Ke6 37. f5+ gxf5 38. gxf5+ Kxf5 39. Kxd7
1-0

[Event "Banff op U1800"]
[Site "Banff CAN"]
[Date "2021.11.14"]
[Round "5.47"]
[White "Ratte, James"]
[Black "McGinnis, Paul"]
[Result "0-1"]
[WhiteElo "912"]
[BlackElo "1702"]
[PlyCount "64"]
[EventDate "2021.11.12"]
[EventType "swiss"]
[EventRounds "6"]
[EventCountry "CAN"]

1. e4 c6 2. d3 d5 3. Nd2 Nf6 4. f3 e5 5. Ne2 Bb4 6. Ng3 O-O 7. Be2 Be6 8. c3
Bc5 9. Nb3 Bb6 10. Bg5 Nbd7 11. Qc2 Qc7 12. Bxf6 Nxf6 13. O-O-O Rac8 14. Rd2
Be3 15. exd5 Bxd2+ 16. Qxd2 cxd5 17. Re1 d4 18. Kc2 b5 19. Ne4 Nxe4 20. fxe4 b4
21. Nc1 bxc3 22. bxc3 Qxc3+ 23. Qxc3 Rxc3+ 24. Kd2 Rfc8 25. Bd1 Rxc1 26. Ke2
Bg4+ 27. Kf2 Bxd1 28. Rf1 R8c2+ 29. Kg3 Rd2 30. Rf5 f6 31. Rf2 Rxd3+ 32. Kh4
g5# 0-1

[Event "Banff op U1800"]
[Site "Banff CAN"]
[Date "2021.11.14"]
[Round "5.48"]
[White "Hendi, Mickail"]
[Black "Pastuzyk, Mike"]
[Result "0-1"]
[WhiteElo "718"]
[BlackElo "1300"]
[PlyCount "90"]
[EventDate "2021.11.12"]
[EventType "swiss"]
[EventRounds "6"]
[EventCountry "CAN"]

1. e4 e6 2. d4 d5 3. e5 c5 4. c3 Nc6 5. Be3 Qb6 6. b3 Bd7 7. Nf3 f6 8. g3 fxe5
9. Nxe5 Nxe5 10. Qh5+ Ng6 11. Bd3 Nf6 12. Bxg6+ Kd8 13. Qh4 Be7 14. Bd3 c4 15.
Bc2 Ne4 16. Qg4 g5 17. Nd2 h5 18. Qe2 Nxc3 19. Qf3 Kc7 20. Bf4+ gxf4 21. Qxc3
fxg3 22. fxg3 Bf6 23. Nf3 Rae8 24. bxc4 Qc6 25. Qa5+ Qb6 26. Qxb6+ axb6 27. Ne5
Bxe5 28. dxe5 dxc4 29. Kd2 Rhf8 30. Bg6 Ra8 31. Kc3 b5 32. Bxh5 Rf5 33. Bg4
Rxe5 34. Kd4 Rd5+ 35. Ke4 c3 36. Rhc1 Ra4+ 37. Ke3 Rxg4 38. Rxc3+ Rc4 39. Rac1
Rdc5 40. Rxc4 Rxc4 41. Rxc4+ bxc4 42. h4 c3 43. h5 c2 44. Kd2 Be8 45. h6 Bg6
0-1

[Event "Banff op U1800"]
[Site "Banff CAN"]
[Date "2021.11.14"]
[Round "5.49"]
[White "Hauser, Zach"]
[Black "Sayegh, Mike"]
[Result "1/2-1/2"]
[WhiteElo "1269"]
[BlackElo "1180"]
[PlyCount "75"]
[EventDate "2021.11.12"]
[EventType "swiss"]
[EventRounds "6"]
[EventCountry "CAN"]

1. d4 Nf6 2. c4 d5 3. Nc3 Nc6 4. Bg5 Bf5 5. e3 e6 6. Nf3 h6 7. Bxf6 Qxf6 8.
cxd5 Nb4 9. Rc1 Nxd5 10. Nxd5 exd5 11. Rxc7 Qb6 12. Qa4+ Kd8 13. Rxf7 Qb4+ 14.
Qxb4 Bxb4+ 15. Nd2 Bxd2+ 16. Kxd2 g6 17. Rxb7 Rc8 18. Bb5 Rc2+ 19. Kd1 Rxb2 20.
Rb8+ Bc8 21. Re1 Kc7 22. Rxc8+ Rxc8 23. a4 Kb6 24. Re2 Rxe2 25. Kxe2 Rc2+ 26.
Kf3 h5 27. Bd3 Rc6 28. Kg3 Ka5 29. Bb5 Rb6 30. f4 a6 31. Be8 Re6 32. Bf7 Rxe3+
33. Kh4 Re2 34. Bxd5 Rd2 35. Bf7 Rxg2 36. h3 Rf2 37. Bxg6 Rxf4+ 38. Kxh5
1/2-1/2

[Event "Banff op U1800"]
[Site "Banff CAN"]
[Date "2021.11.14"]
[Round "6.32"]
[White "Wolfram, Ben"]
[Black "Funk, Andrew"]
[Result "0-1"]
[WhiteElo "1478"]
[BlackElo "1623"]
[PlyCount "52"]
[EventDate "2021.11.12"]
[EventType "swiss"]
[EventRounds "6"]
[EventCountry "CAN"]

1. d4 Nf6 2. c4 g6 3. Nc3 Bg7 4. e4 O-O 5. Nf3 d6 6. Be2 Nbd7 7. Be3 c5 8. O-O
Ng4 9. Bg5 cxd4 10. Nxd4 Nde5 11. f4 Ne3 12. Qd2 N5xc4 13. Bxc4 Nxc4 14. Qd3
Nxb2 15. Qd2 Qb6 16. Nce2 Bg4 17. Kh1 Nc4 18. Qd3 Bxe2 19. Nxe2 Bxa1 20. Rxa1
Rac8 21. Bxe7 Rfe8 22. Bg5 Ne3 23. h3 Qb2 24. Rb1 Rc3 25. Qxc3 Qxb1+ 26. Kh2
Qxe4 0-1

[Event "Banff op U1800"]
[Site "Banff CAN"]
[Date "2021.11.14"]
[Round "6.33"]
[White "Coates, Bruce"]
[Black "Landon, Matthew"]
[Result "1-0"]
[WhiteElo "1249"]
[BlackElo "1136"]
[PlyCount "49"]
[EventDate "2021.11.12"]
[EventType "swiss"]
[EventRounds "6"]
[EventCountry "CAN"]

1. Nf3 f5 2. d4 Nf6 3. Bg5 e6 4. e3 Be7 5. Bd3 O-O 6. Nbd2 Qe8 7. Qe2 d6 8.
O-O-O Nc6 9. c3 e5 10. dxe5 dxe5 11. Bc4+ Kh8 12. h4 h6 13. Nb1 hxg5 14. hxg5+
Nh5 15. Nxe5 g6 16. Nxg6+ Qxg6 17. Rxh5+ Kg7 18. Rdh1 Bxg5 19. Rh7+ Qxh7 20.
Rxh7+ Kxh7 21. Qh5+ Bh6 22. Nd2 Ne5 23. g4 Bd7 24. g5 Be8 25. Qxh6# 1-0

[Event "Banff op U1800"]
[Site "Banff CAN"]
[Date "2021.11.14"]
[Round "6.34"]
[White "Ancheta, Rodelio Gallard"]
[Black "Reuter, Gerhard"]
[Result "1-0"]
[WhiteElo "1658"]
[BlackElo "1713"]
[PlyCount "79"]
[EventDate "2021.11.12"]
[EventType "swiss"]
[EventRounds "6"]
[EventCountry "CAN"]

1. d4 c5 2. e3 Nf6 3. c4 e6 4. Nf3 cxd4 5. exd4 d5 6. c5 Be7 7. Bd3 Qc7 8. O-O
Nc6 9. Nc3 a6 10. Re1 O-O 11. g3 b5 12. Bf4 Qd7 13. Ne5 Nxe5 14. Bxe5 Bb7 15.
b4 Bc6 16. a4 Ra7 17. axb5 axb5 18. Qe2 Rb7 19. Ra6 Ne8 20. Qh5 g6 21. Qh6 Bf6
22. f4 Bg7 23. Bxg7 Nxg7 24. Qh3 Nf5 25. Bxf5 gxf5 26. Qh6 Ra7 27. Rea1 Rfa8
28. Qg5+ Kh8 29. Qf6+ Kg8 30. Rxa7 Rxa7 31. Rxa7 Qxa7 32. Ne2 Qd7 33. h4 Qe8
34. h5 Qf8 35. h6 Bd7 36. Kf2 Bc6 37. Ng1 Bd7 38. Nf3 Bc6 39. Ne5 Be8 40. c6
1-0

[Event "Banff op U1800"]
[Site "Banff CAN"]
[Date "2021.11.14"]
[Round "6.35"]
[White "Zhang, James"]
[Black "Stefanov, Marko"]
[Result "0-1"]
[WhiteElo "1400"]
[BlackElo "922"]
[PlyCount "100"]
[EventDate "2021.11.12"]
[EventType "swiss"]
[EventRounds "6"]
[EventCountry "CAN"]

1. e4 d6 2. d4 e5 3. d5 g6 4. Nc3 Bg7 5. Be3 Nf6 6. Nf3 Nbd7 7. h3 Nc5 8. Bxc5
dxc5 9. Qe2 Qe7 10. O-O-O a6 11. Qe3 h5 12. Kb1 Bh6 13. Qd3 Qd6 14. Nd2 b5 15.
g3 O-O 16. f3 c4 17. Nxc4 bxc4 18. Qxc4 Nd7 19. g4 Nb6 20. Qe2 h4 21. Rg1 Qc5
22. Qg2 Be3 23. Rh1 g5 24. Qh2 f6 25. Bd3 Bd7 26. Qe2 Bd4 27. Qd2 Rab8 28. Ka1
Nc4 29. Bxc4 Qxc4 30. Qd3 Qb4 31. Rb1 Bb5 32. Nxb5 Qxb5 33. Qxb5 axb5 34. c3
Be3 35. Rhe1 Bf4 36. Rbd1 Rfd8 37. Kb1 Kf7 38. Kc2 Ra8 39. a3 Ke7 40. Kb3 Ra4
41. Re2 c6 42. Rc2 Rc4 43. Re2 cxd5 44. Rxd5 Rxd5 45. exd5 Kd6 46. Re4 Kxd5 47.
Rxc4 bxc4+ 48. Kb4 Bc1 49. Kb5 Bxb2 50. a4 Bxc3 0-1

[Event "Banff op U1800"]
[Site "Banff CAN"]
[Date "2021.11.14"]
[Round "6.36"]
[White "Wang, Lucas"]
[Black "Ali, Husain"]
[Result "1-0"]
[WhiteElo "1256"]
[BlackElo "1742"]
[PlyCount "81"]
[EventDate "2021.11.12"]
[EventType "swiss"]
[EventRounds "6"]
[EventCountry "CAN"]

1. d4 d5 2. Nf3 e6 3. Bf4 Bd6 4. Bg3 Nf6 5. e3 O-O 6. Bd3 Re8 7. Qe2 c6 8. Nbd2
Qc7 9. Nb3 Nbd7 10. Bxd6 Qxd6 11. h4 e5 12. dxe5 Nxe5 13. Nxe5 Qxe5 14. O-O-O
a5 15. c3 b6 16. Qd2 c5 17. Bb5 Rd8 18. f3 a4 19. Na1 Be6 20. Kb1 g6 21. Nc2
Ne8 22. g4 Nc7 23. Be2 Kg7 24. h5 Bd7 25. hxg6 hxg6 26. f4 Qd6 27. Rh2 Rh8 28.
Rf2 f5 29. gxf5 Bxf5 30. Ka1 Qe6 31. a3 Rae8 32. Rf3 Rh2 33. Rg3 Qe4 34. Ne1 c4
35. Ka2 Rd8 36. Nf3 Rhh8 37. Nd4 Rd6 38. Bf3 Qd3 39. Qe1 Qxd1 40. Qxd1 Bd3 41.
f5 1-0

[Event "Banff op U1800"]
[Site "Banff CAN"]
[Date "2021.11.14"]
[Round "6.37"]
[White "Wang, April"]
[Black "Byun, Jae Hyun"]
[Result "1-0"]
[WhiteElo "1250"]
[BlackElo "1586"]
[PlyCount "93"]
[EventDate "2021.11.12"]
[EventType "swiss"]
[EventRounds "6"]
[EventCountry "CAN"]

1. e4 c5 2. Nf3 d6 3. d4 cxd4 4. Nxd4 Nf6 5. Nc3 g6 6. Bc4 Bg7 7. h3 O-O 8. Be3
Nc6 9. Qd2 Bd7 10. O-O-O Rc8 11. Nxc6 Bxc6 12. f3 a6 13. g4 b5 14. Bd3 b4 15.
Ne2 a5 16. h4 Nd7 17. h5 Ne5 18. Nd4 Nxd3+ 19. Qxd3 d5 20. Nxc6 Rxc6 21. Qxd5
Qxd5 22. Rxd5 Rfc8 23. Rd2 a4 24. hxg6 hxg6 25. Rhd1 b3 26. Rd8+ Rxd8 27. Rxd8+
Kh7 28. axb3 axb3 29. c3 Bh6 30. Bxh6 Kxh6 31. Kd2 Kg5 32. Ke3 Rb6 33. Rd7 Kf6
34. Rd4 Ke6 35. Rb4 Rxb4 36. cxb4 Kd6 37. Kd4 Kc6 38. Kc4 Kb6 39. Kxb3 Kb5 40.
Kc3 f6 41. f4 e6 42. Kb3 f5 43. exf5 g5 44. fxe6 gxf4 45. e7 f3 46. e8=Q+ Kb6
47. Qe3+ 1-0

[Event "Banff op U1800"]
[Site "Banff CAN"]
[Date "2021.11.14"]
[Round "6.39"]
[White "Mantla, Harrison"]
[Black "Ratte, Daniel"]
[Result "0-1"]
[WhiteElo "1387"]
[BlackElo "1369"]
[PlyCount "76"]
[EventDate "2021.11.12"]
[EventType "swiss"]
[EventRounds "6"]
[EventCountry "CAN"]

1. d4 Nf6 2. Nf3 e6 3. Bf4 Be7 4. e3 d6 5. Bb5+ Nbd7 6. c4 c6 7. Ba4 Qa5+ 8.
Nbd2 O-O 9. O-O b5 10. Bc2 Bb7 11. Ne4 Nxe4 12. Bxe4 bxc4 13. Bg5 Bxg5 14. Nxg5
Qxg5 15. Qc2 Nf6 16. Bf3 d5 17. Qa4 e5 18. Rfd1 e4 19. Be2 h5 20. h3 Bc8 21.
Kh2 Bd7 22. b3 Qh4 23. Rf1 c5 24. Qa3 cxd4 25. bxc4 d3 26. Bd1 dxc4 27. Ba4 Be6
28. Bc6 Rac8 29. Bb7 Rc7 30. Qxa7 c3 31. Qb6 Rd7 32. Bc6 Rd6 33. Qc5 Rfd8 34.
Qxc3 Rc8 35. Qa3 Rdxc6 36. Rac1 Rxc1 37. Rxc1 Rxc1 38. Qxc1 Qxf2 0-1

[Event "Banff op U1800"]
[Site "Banff CAN"]
[Date "2021.11.14"]
[Round "6.40"]
[White "Drury, Jonathan"]
[Black "Viminitz, Paul"]
[Result "1/2-1/2"]
[WhiteElo "1616"]
[BlackElo "1454"]
[PlyCount "127"]
[EventDate "2021.11.12"]
[EventType "swiss"]
[EventRounds "6"]
[EventCountry "CAN"]

1. e4 d6 2. d4 Nf6 3. Bd3 e5 4. d5 g6 5. c4 Bg7 6. Be3 O-O 7. b4 b6 8. f3 Bb7
9. Qd2 Nbd7 10. a4 c6 11. Nc3 cxd5 12. cxd5 Ne8 13. Nge2 Nc7 14. O-O Qe8 15. a5
f5 16. Rfc1 f4 17. Bf2 bxa5 18. Rxa5 a6 19. Na4 Rc8 20. Rc2 Bf6 21. Qc1 Bd8 22.
Nb6 Nxb6 23. Bxb6 Qd7 24. Bxc7 Bxc7 25. Ra3 Bb6+ 26. Kf1 Rxc2 27. Qxc2 Rc8 28.
Qa4 Qxa4 29. Rxa4 a5 30. bxa5 Ra8 31. a6 Bc8 32. Ke1 g5 33. g4 fxg3 34. Nxg3 g4
35. Ke2 Kg7 36. Nf5+ Bxf5 37. exf5 gxf3+ 38. Kxf3 Bd4 39. Rb4 Ra7 40. Ke4 h6
41. Rb8 Kf6 42. Rg8 Rg7 43. Rh8 Rg4+ 44. Kf3 Rh4 45. Kg3 Rh5 46. Be2 Rg5+ 47.
Bg4 h5 48. Rh6+ Kf7 49. Rxh5 Rxh5 50. Bxh5+ Kf6 51. Bg6 e4 52. Kf4 e3 53. Bh5
Be5+ 54. Kxe3 Bxh2 55. Ke4 Bg1 56. Bg6 Bc5 57. Kd3 Ke5 58. Kc4 Be3 59. Kb5 Kxd5
60. f6 Ke6 61. f7 Ke7 62. Kc6 Bc5 63. Kb7 Kf8 64. Kc6 1/2-1/2

[Event "Banff op U1800"]
[Site "Banff CAN"]
[Date "2021.11.14"]
[Round "6.41"]
[White "Jackson, Mateo"]
[Black "Chatterjee, Kinjal"]
[Result "1-0"]
[WhiteElo "1157"]
[BlackElo "1087"]
[PlyCount "51"]
[EventDate "2021.11.12"]
[EventType "swiss"]
[EventRounds "6"]
[EventCountry "CAN"]

1. e4 c6 2. d4 d5 3. exd5 cxd5 4. Bd3 Nc6 5. c3 Nf6 6. Bf4 Bg4 7. Qb3 Qd7 8.
Nd2 e6 9. Ngf3 Bd6 10. Ne5 Nxe5 11. dxe5 Nh5 12. Bb5 Nxf4 13. Bxd7+ Kxd7 14.
Qa4+ Kc8 15. Qxf4 f5 16. exd6 Kd7 17. Nb3 Rhg8 18. Nc5+ Kc6 19. d7 Kxc5 20.
Qc7+ Kb5 21. a4+ Ka6 22. b4 b6 23. c4 dxc4 24. b5+ Ka5 25. Qxc4 a6 26. Qc3# 1-0

[Event "Banff op U1800"]
[Site "Banff CAN"]
[Date "2021.11.14"]
[Round "6.42"]
[White "McGinnis, Paul"]
[Black "Gavrileva, Anna"]
[Result "0-1"]
[WhiteElo "1702"]
[BlackElo "1203"]
[PlyCount "80"]
[EventDate "2021.11.12"]
[EventType "swiss"]
[EventRounds "6"]
[EventCountry "CAN"]

1. c4 e6 2. g3 Nf6 3. Bg2 c5 4. Nc3 Nc6 5. e3 Qb6 6. Nge2 Qc7 7. O-O a6 8. a3
g6 9. d4 d6 10. d5 Ne7 11. e4 Bg7 12. Bg5 h6 13. Bd2 Rb8 14. Rb1 b5 15. dxe6
Bxe6 16. Bf4 Nc8 17. Nd5 Bxd5 18. cxd5 Qe7 19. Re1 g5 20. Bd2 O-O 21. f3 Nb6
22. b3 Rfe8 23. Qc2 Rbc8 24. Be3 Nfd7 25. g4 Qf6 26. Ng3 Ne5 27. Nf5 Nbd7 28.
Qe2 Ng6 29. Bc1 Ne7 30. Bb2 Ne5 31. Nxg7 Qxg7 32. Qe3 N7g6 33. Rf1 Nf4 34. h4
f6 35. h5 Qe7 36. Rfd1 Ra8 37. Bf1 Reb8 38. Bc3 Qc7 39. Rdc1 a5 40. Qe1 Nxf3+
0-1

[Event "Banff op U1800"]
[Site "Banff CAN"]
[Date "2021.11.14"]
[Round "6.43"]
[White "Gokhale, Tanishka"]
[Black "Atwood, Matthew"]
[Result "0-1"]
[WhiteElo "812"]
[BlackElo "1175"]
[PlyCount "114"]
[EventDate "2021.11.12"]
[EventType "swiss"]
[EventRounds "6"]
[EventCountry "CAN"]

1. e4 c6 2. d4 d5 3. e5 c5 4. c3 Nc6 5. Nf3 Bg4 6. h3 Bxf3 7. gxf3 e6 8. Be3
Nge7 9. Nd2 cxd4 10. cxd4 Nf5 11. Nb3 Qh4 12. Qd3 Nxe3 13. Qxe3 Bb4+ 14. Kd1
O-O 15. a3 Ba5 16. Nxa5 Nxa5 17. b3 Nc6 18. f4 f6 19. Rg1 fxe5 20. Rg4 Qf6 21.
dxe5 Qf7 22. Bd3 a6 23. Ke2 Ne7 24. Rag1 g6 25. Qf3 Nf5 26. Bxf5 Qxf5 27. Rh4
Qc2+ 28. Kf1 Qb1+ 29. Kg2 Qf5 30. Kh2 Qxe5 31. Rg5 Qf6 32. Qh5 Rf7 33. Qg4 Raf8
34. Rgh5 Qxf4+ 35. Qxf4 Rxf4 36. Rxh7 Rxh4 37. Rxh4 Rxf2+ 38. Kg3 Rf8 39. Rb4
Rf7 40. Rb6 Re7 41. Kf4 e5+ 42. Ke3 Kf7 43. Rd6 d4+ 44. Ke4 Kg7 45. a4 Kh6 46.
Rf6 Kh5 47. b4 g5 48. b5 axb5 49. axb5 g4 50. hxg4+ Kxg4 51. Rg6+ Kh3 52. b6
Kh2 53. Rg8 Rd7 54. Rg6 d3 55. Kf3 d2 56. Kf2 Kh3 57. Rg3+ Kh4 0-1

[Event "Banff op U1800"]
[Site "Banff CAN"]
[Date "2021.11.14"]
[Round "6.46"]
[White "Drury, Kade"]
[Black "Hauser, Zach"]
[Result "1-0"]
[WhiteElo "1098"]
[BlackElo "1269"]
[PlyCount "93"]
[EventDate "2021.11.12"]
[EventType "swiss"]
[EventRounds "6"]
[EventCountry "CAN"]

1. e4 c6 2. d4 d5 3. exd5 cxd5 4. c4 Nf6 5. Nc3 e6 6. c5 Nc6 7. Nf3 Be7 8. Be2
O-O 9. O-O Re8 10. Bb5 a6 11. Bxc6 bxc6 12. Na4 Nd7 13. Bf4 Bf6 14. Re1 Ra7 15.
Nc3 Nf8 16. b4 Ng6 17. Bg3 h5 18. a4 h4 19. Bd6 Be7 20. Bxe7 Raxe7 21. Ne5 Nxe5
22. dxe5 Rb7 23. Rb1 f6 24. b5 axb5 25. axb5 cxb5 26. Rxb5 Rc7 27. Qd4 Rf8 28.
Qxh4 Qe7 29. Nxd5 exd5 30. f4 fxe5 31. Qh5 Qf7 32. Qxe5 Qxf4 33. Qxd5+ Qf7 34.
Qxf7+ Rcxf7 35. h3 Rf2 36. Re7 Rc2 37. Rc7 Ba6 38. Ra5 Bc4 39. Raa7 Rff2 40.
Rxg7+ Kf8 41. Rg5 Rfd2 42. c6 Bd5 43. c7 Be6 44. Ra8+ Kf7 45. c8=Q Bxc8 46.
Rxc8 Kf6 47. Rcg8 1-0

[Event "Banff op U1800"]
[Site "Banff CAN"]
[Date "2021.11.14"]
[Round "6.48"]
[White "Nguyen, Ryan"]
[Black "Ratte, James"]
[Result "1/2-1/2"]
[WhiteElo "614"]
[BlackElo "912"]
[PlyCount "78"]
[EventDate "2021.11.12"]
[EventType "swiss"]
[EventRounds "6"]
[EventCountry "CAN"]

1. e4 e5 2. c4 d6 3. Nc3 Nc6 4. Nf3 Nf6 5. h3 Be7 6. Be2 O-O 7. O-O b6 8. b3
Bb7 9. Bb2 a5 10. a4 Nb4 11. Ba3 Qd7 12. Bxb4 axb4 13. Nd5 Bxd5 14. exd5 c5 15.
dxc6 Qxc6 16. Qc2 d5 17. Nxe5 Qd6 18. Nf3 Bd8 19. Rfe1 Re8 20. cxd5 Bc7 21.
Rac1 Rac8 22. Ba6 Rxe1+ 23. Rxe1 Ra8 24. Bb7 Ra7 25. Bc6 h6 26. Be8 Ra8 27. Bc6
Rc8 28. g3 Nxd5 29. Bxd5 Qxd5 30. Nh2 Qd7 31. Qe4 Bd6 32. Ng4 Rc5 33. Qxb4 h5
34. Nh2 Re5 35. Qd4 Rxe1+ 36. Kg2 Qc6+ 37. Nf3 Rb1 38. Qd3 g5 39. Kh2 Qc1
1/2-1/2

[Event "Britiah Columbia-ch Adult Online"]
[Site "chess.com"]
[Date "2021.06.27"]
[Round "5.1"]
[White "Singh, Prabhsimran"]
[Black "Jaspal, Harleen Singh"]
[Result "1/2-1/2"]
[WhiteElo "1588"]
[BlackElo "1703"]
[PlyCount "231"]
[EventDate "2021.06.25"]
[EventType "swiss"]
[EventRounds "5"]
[EventCountry "CAN"]

1. d4 d5 2. Nf3 Nf6 3. Bf4 e6 4. e3 Bd6 5. Bxd6 cxd6 6. c4 Qb6 7. Qc2 Nc6 8.
Nc3 Nb4 9. Qb3 Bd7 10. Nd2 Qa5 11. a3 Nc6 12. cxd5 exd5 13. Bd3 O-O 14. O-O
Rfe8 15. Rfc1 Rab8 16. h3 a6 17. Qd1 Qd8 18. Rc2 Be6 19. Rac1 Qd7 20. Nf1 Ne7
21. Ng3 g6 22. b4 Rec8 23. a4 Kg7 24. a5 b5 25. Nce2 Rxc2 26. Rxc2 Rc8 27. Rxc8
Qxc8 28. Qd2 Nf5 29. Bxf5 Bxf5 30. Qc3 Be6 31. Qxc8 Bxc8 32. Nf4 Kf8 33. f3 Bb7
34. h4 Ke7 35. Nge2 h6 36. g4 g5 37. hxg5 hxg5 38. Nh3 Nh7 39. Kg2 Kf6 40. f4
Kg6 41. Kg3 f6 42. Neg1 Bc8 43. Nf3 Bd7 44. Nf2 Bc6 45. Nh3 Bd7 46. Nd2 Bc6 47.
f5+ Kf7 48. Ng1 Nf8 49. Ne2 Nd7 50. Kf3 Nb8 51. Nc3 Ke7 52. Ke2 Bb7 53. Kd3 Ba8
54. Nf1 Bb7 55. Ng3 Ba8 56. Nh5 Kf7 57. e4 dxe4+ 58. Nxe4 Bxe4+ 59. Kxe4 Nc6
60. Ng3 Nxb4 61. d5 Nc2 62. Nf1 Na3 63. Ne3 Nc4 64. Nxc4 bxc4 65. Kd4 Kg8 66.
Kxc4 Kh8 67. Kb4 Kg8 68. Kc3 Kh8 69. Kd4 Kg8 70. Ke3 Kh8 71. Kf3 Kg8 72. Kg3
Kh8 73. Kh3 Kg8 74. Kh2 Kh8 75. Kg2 Kg8 76. Kf2 Kh8 77. Ke2 Kg8 78. Kd2 Kh8 79.
Kc2 Kg8 80. Kb2 Kh8 81. Ka2 Kg8 82. Ka1 Kh8 83. Kb1 Kg8 84. Kc1 Kh8 85. Kd1 Kg8
86. Ke1 Kh8 87. Kf1 Kg8 88. Kg1 Kh8 89. Kh1 Kg8 90. Kh2 Kh8 91. Kh3 Kg8 92. Kg3
Kh8 93. Kf3 Kg8 94. Ke3 Kh8 95. Kd3 Kg8 96. Kc3 Kh8 97. Kb3 Kg8 98. Ka3 Kh8 99.
Ka4 Kg8 100. Kb4 Kh8 101. Kc4 Kg8 102. Kd4 Kh8 103. Ke4 Kg8 104. Kf3 Kh8 105.
Ke3 Kg8 106. Kd3 Kh8 107. Kc3 Kg8 108. Kb3 Kh8 109. Ka3 Kg8 110. Ka2 Kh8 111.
Kb2 Kg8 112. Kc2 Kh8 113. Kd2 Kg8 114. Ke2 Kh8 115. Kf2 Kg8 116. Kg2 1/2-1/2

[Event "British Columbia op Online"]
[Site "chess.com"]
[Date "2021.02.20"]
[Round "1.1"]
[White "Huang, Patrick"]
[Black "Mok, Gillian"]
[Result "1-0"]
[WhiteElo "2160"]
[BlackElo "1503"]
[PlyCount "51"]
[EventDate "2021.02.20"]
[EventType "swiss (rapid)"]
[EventRounds "6"]
[EventCountry "CAN"]

1. d4 Nf6 2. Bf4 g6 3. Nc3 Bg7 4. e4 d6 5. Qd2 Nbd7 6. O-O-O a6 7. e5 dxe5 8.
dxe5 Nh5 9. Bc4 Nxf4 10. Bxf7+ Kxf7 11. Qxf4+ Kg8 12. e6 Qf8 13. Qxc7 Be5 14.
Qa5 Qf4+ 15. Kb1 Nf8 16. Nd5 b6 17. Qe1 Qg5 18. Nf3 Qxg2 19. Nxe7+ Kg7 20.
Qxe5+ Kh6 21. Qf4+ g5 22. Nf5+ Kg6 23. Ne5+ Kh5 24. Ng7+ Kh6 25. Qf6+ Ng6 26.
Nf7# 1-0

[Event "British Columbia op Online"]
[Site "chess.com"]
[Date "2021.02.20"]
[Round "1.2"]
[White "Leblanc, Paul"]
[Black "King, Harvey"]
[Result "0-1"]
[WhiteElo "1496"]
[BlackElo "2133"]
[PlyCount "62"]
[EventDate "2021.02.20"]
[EventType "swiss (rapid)"]
[EventRounds "6"]
[EventCountry "CAN"]

1. d4 Nf6 2. c4 c5 3. d5 b5 4. Nf3 g6 5. Qc2 d6 6. e4 Bg7 7. cxb5 O-O 8. Nc3 a6
9. Be2 axb5 10. Nxb5 Ba6 11. Nc3 Bxe2 12. Qxe2 Nbd7 13. O-O Nb6 14. Bd2 Qd7 15.
Rab1 Rfb8 16. Rfc1 Ne8 17. Qd3 Na4 18. Nxa4 Qxa4 19. Bc3 Bxc3 20. bxc3 Qxa2 21.
g3 Nc7 22. c4 Na6 23. Ra1 Qb2 24. Rcb1 Nb4 25. Rxa8 Rxa8 26. Rxb2 Nxd3 27. Rd2
Ra1+ 28. Kg2 Ra3 29. Rc2 g5 30. h3 h5 31. Nd2 Ne1+ 0-1

[Event "British Columbia op Online"]
[Site "chess.com"]
[Date "2021.02.20"]
[Round "1.3"]
[White "Calota, Alina"]
[Black "Martin, Andrew"]
[Result "1/2-1/2"]
[WhiteElo "2054"]
[BlackElo "1495"]
[PlyCount "81"]
[EventDate "2021.02.20"]
[EventType "swiss (rapid)"]
[EventRounds "6"]
[EventCountry "CAN"]

1. Nf3 d5 2. g3 Nf6 3. Bg2 e6 4. O-O Be7 5. d4 O-O 6. Nbd2 b6 7. Ne5 Bb7 8. Re1
Nbd7 9. Ndf3 h6 10. c3 c5 11. g4 Ne4 12. Nxd7 Qxd7 13. Ne5 Qd8 14. Bf4 Rc8 15.
Rc1 Bh4 16. Bxe4 dxe4 17. dxc5 Rxc5 18. Qxd8 Rxd8 19. b4 Rcc8 20. c4 Bf6 21. c5
Bd5 22. cxb6 Bxe5 23. Bxe5 axb6 24. Bc7 Rd7 25. Bxb6 Rxc1 26. Rxc1 Bxa2 27.
Rc8+ Kh7 28. Rb8 Bd5 29. e3 Kg6 30. h4 Rb7 31. Rxb7 Bxb7 32. Bd4 f5 33. gxf5+
exf5 34. Kh2 Kf7 35. Kg3 g5 36. b5 Kg6 37. b6 Kh5 38. hxg5 hxg5 39. Bf6 Kg6 40.
Bd8 Bd5 41. Be7 1/2-1/2